| 000 | 00530nam a2200157 i 4500 | ||
|---|---|---|---|
| 001 | 3626 | ||
| 003 | ES-MaACL | ||
| 005 | 20230906144118.0 | ||
| 008 | 200204s1968 sp g ||||1| spa d | ||
| 245 | 0 | 0 |
_aMiscelánea José Ma. Lacarra _b: estudios de historia moderna / _c[Ángel San Vicente Pino ... (et al.)]. |
| 260 |
_aZaragoza : _bUniversidad de Zaragoza, _c1968. |
||
| 300 |
_a154 p. ; _c24 cm. |
||
| 600 | 1 | 4 |
_aLacarra, José María ( _d1907-1987) _969329 |
| 700 | 1 |
_aSan Vicente, Angel. _9102312 |
|
| 852 |
_aES-MaACL _jP-1320-5 |
||
| 999 |
_c3626 _d3626 |
||